00520nam a2200157Ia 4500008004100000040001900041041001200060082003600072100003000108245007900138260002700217300002300244504005100267650002200318850002200340131103s9999 xx 000 0 und d aLoreto College aEnglish a370.954/SENbLCLIB(Press)/34070 aSen Gupta, Kanti Prasanna 4aThe christian missionaries in Bengal 1793 - 1833cKanti Prasanna Sen Gupta aCalcuttab[s.n.]c1971 axii,240p. c 21cm. aIncludes bibliographical references & appendix aIndia - education aLCLIB/370.954/SEN